Statistics for Disenchantment Characters

Click here to take the quiz!

General Stats

  • This quiz has been taken 194 times
    (160 since last reset)
  • The average score is 8 of 13

Answer Stats

RoleCharacter% Correct
Short CompanionElfo
97%
Main CharacterPrincess Tiabeanie
96%
Ruler of DreamlandKing Zøg
93%
Feline-like DemonLucy
82%
1st Wife of RulerQueen Dagmar
70%
2nd Wife of RulerQueen Oona
70%
Son of RulerPrince Derek
60%
Ruler's AdviserOdval
48%
Princess's Lady in WaitingBunty
44%
Dreamland's WizardSorcerio
44%
Princess's to-be-husband (pig-ified)Prince Merkimer
43%
Watching events through a fireEmperor Cloyd
20%
Princess's to-be-husband (deceased)Prince Guybert
18%

Score Distribution

Percentile by Number Answered

Percent of People with Each Score

Your Score History

You have not taken this quiz since the last reset